000 00790cam a22002537a 4500
003 CHAP
005 20220329143805.0
008 110822s1970 mx a r 00010 spa d
010 _a101896
011 _a102868
035 _a113557
040 _cCHAP
090 _aFolleto 17989
100 0 0 _aCarvalho Carvalho, Francisco.
_919696
245 1 3 _aInstructivo de riego por goteo
_c/por Francisco Carvalho Carvalho
260 _aChapingo, Méx. :
_bDepartamento de Extensión Agrícola,
_c1970
300 _a12 p. :
_bilus.
590 _aBATCH-UPD
_b10
_c20130110
_lUCH01
_h1120
590 _aCONVERSION
_b10
_c20130109
_lUCH01
_h1356
650 1 4 _aRiego por goteo.
_997380
901 _aBK
942 _cFOLL
949 _aFolleto 17989
_bBC
_cFOLL
_d33724002304751
_eTS1
_gDonaciØn
_i113557
_sb
999 _c101896
_d101896